000 02069nam a2200277 a 4500
008 120416s1978 ||||||||||||||||| || u
020 _a0070102074
050 _aHF 5686.C8 Cas
245 1 0 _aSchaum's outline of theory and problems of cost accounting
246 _aJames A. Cashin
260 _aNew York
_bMcGraw-Hill
_c1978
300 _a2v. : ill.
350 _a0.00
650 0 _aCOST ACCOUNTING
650 0 _aACCOUNTING--HANDBOOKS, MANUALS, ETC
995 _aANNEX COLLECTION (Main Library)
_D0.00
_e708665
_FCBU-MAIN LIBRARY (Kitwe)
_H7
_I6.75
_jHF 5686.C8 Cas
_M2
_UAVAILABLE
_y006522
_ZAnnex Low-Usage Collection
995 _aANNEX COLLECTION (Main Library)
_D0.00
_e708664
_FCBU-MAIN LIBRARY (Kitwe)
_H10
_I6.75
_jHF 5686.C8 Cas
_M3
_UAVAILABLE
_y006523
_ZAnnex Low-Usage Collection
995 _aMAIN LIBRARY OPEN ACCESS
_D0.00
_e708659
_FCBU-MAIN LIBRARY (Kitwe)
_H8
_I6.75
_jHF 5686.C8 Cas
_M6
_UAVAILABLE
_y006527
_ZMain Library Open Access Collection
995 _aANNEX COLLECTION (Main Library)
_D0.00
_e708663
_FCBU-MAIN LIBRARY (Kitwe)
_H3
_I6.75
_jHF 5686.C8 Cas
_M5
_UAVAILABLE
_y006525
_ZAnnex Low-Usage Collection
995 _aBINDERY (DAMAGED)
_D0.00
_e706290
_FCBU-MAIN LIBRARY (Kitwe)
_H6
_I6.75
_jHF 5686.C8 Cas
_M10
_UDAMAGED
_y706290
_ZMain Library Open Access Collection
995 _aBINDERY (DAMAGED)
_D0.00
_e708661
_FCBU-MAIN LIBRARY (Kitwe)
_H4
_I6.75
_jHF 5686.C8 Cas
_M7
_UDAMAGED
_y006528
_ZMain Library Open Access Collection
995 _aANNEX COLLECTION (Main Library)
_D0.00
_e713056
_FCBU-MAIN LIBRARY (Kitwe)
_H2
_I6.75
_jHF 5686.C8 Cas
_M4
_UAVAILABLE
_y006524
_ZAnnex Low-Usage Collection
995 _aBINDERY (DAMAGED)
_D0.00
_e708660
_FCBU-MAIN LIBRARY (Kitwe)
_H9
_I6.75
_jHF 5686.C8 Cas
_M8
_UDAMAGED
_y006529
_ZMain Library Open Access Collection
995 _aMAIN LIBRARY OPEN ACCESS
_D0.00
_e708662
_FCBU-MAIN LIBRARY (Kitwe)
_H5
_I6.75
_jHF 5686.C8 Cas
_M1
_UAVAILABLE
_y006521
_ZMain Library Open Access Collection
995 _aANNEX COLLECTION (Main Library)
_D0.00
_e708657
_FCBU-MAIN LIBRARY (Kitwe)
_H1
_I6.75
_jHF 5686.C8 Cas
_M9
_UAVAILABLE
_y006526
_ZAnnex Low-Usage Collection
999 _c80331
_d80331